| 000 | 01078nam a2200265 a 4500 | ||
|---|---|---|---|
| 001 | BRCA_1553 | ||
| 005 | 20190320203452.0 | ||
| 008 | 751203s2009 mx-a---###---#000-0#spa-# | ||
| 020 | _a9786079521714 | ||
| 041 | _aspa | ||
| 044 | _amx | ||
| 050 | 4 |
_aN8070 _b.A78 2009 |
|
| 245 | 1 | 0 |
_aEl arte de las misiones del norte de la Nueva España _b1600-1821 _ccuradores de la exposición Clara Bargellini, Michael K. Komanecky. |
| 260 |
_aMéxico _bAntiguo Colegio de San Ildefonso _c2009 |
||
| 300 |
_axxii, 371 p. _bil. (algunas a color) _c29 cm. |
||
| 500 | _aCatálogo de la exposición realizada en el Antiguo Colegio de San Ildefonso (Ciudad de México), 2 abril - 16 agosto, 2009 | ||
| 500 | _aIncluye piezas de la colección Franz Mayer: p. 331-332 | ||
| 500 | _aIncluye apéndice bibliográfico | ||
| 500 | _a2do. ejemplar en el Área de Investigación | ||
| 650 | 1 | 4 |
_aArte religioso _zNueva España _94986 |
| 650 | 1 | 4 |
_aArte cristiano y simbolismo _zSiglo VXII-XIX _94987 |
| 700 | 1 |
_aBargellini, Clara _92612 |
|
| 700 | 1 |
_aKomanecky, Michael k _94988 |
|
| 942 |
_2lcc _cB |
||
| 999 |
_c1393 _d1393 |
||